00883cam a22002297a 4500003000500000005001700005008004100022010001000063011001000073020001500083035001000098040000900108082002800117110007900145245013900224260010300363300002900466500005800495650003400553650004100587650002500628CHAP20220329142356.0001013d1999 mx rs o00110 spa d a82585 a83557 a9701327241 a94070 cCHAP a312.0972bI59 Col. 19972 aInstituto Nacional de Estadística, Geografía e Informática. México 0aEncuesta nacional de la dinámica demográfica 1997b: Colimacpor Instituto Nacional de Estadística, Geografía e Informática. aAguascalientes, Ags. :bInstituto Nacional de Estadística, Geografía e Informática,cc.1999- av. :bgráfs. ; cuadros aLa biblioteca tiene : v.1 Panorama sociodemográfico14aColimaxCondiciones sociales.14aPoblaciónxEstadísticaszColima.14aPoblaciónzColima.